000 00738cab a2200229 4500
001 WB3017-10
008 090401t1994 xxu||||| |||| 00| 0 eng d
035 _a(Sirsi) u41742
041 _aeng
245 _aCommercial and industrial review
260 _c1994
300 _aLOAN
350 _a0
490 _aHerald
_v5 May 1994 (8)
520 _aSpecial report on commercial property in Scotland includes articles on relocation, factory shops, new towns, the rating revaluation, new guidelines for quarries and industrial property.
650 _aFACTORY SHOPS
650 _aMINERALS PLANNING GUIDANCE NOTE SIX
650 _aRATING REVALUATION
690 _aPROPERTY-COMMERCIAL PROPERTY
942 _n0
948 _c04/03/1997
999 _c26797
_d26797